Doznání v soukolí pražského procesu

Bibliographic Details
Main Author: London, Artur, 1915-1986 (Author)
Other Authors: Fleischmann, Ivo, 1921-1997 (Translator)
Format: Book
Language:Czech
PhysicalDescription:412 strán 20 cm
Published: Praha Československý spisovatel 1969
Edition:Vydání první
Series:Dokumenty doby
Subjects:

MARC

LEADER 00000nam a22000005a 4500
001 vtls011883591
003 SK-MaSNL
005 20260301051737.0
008 240318s1969 xr 000 0 cze
040 |a SNK  |b slo  |c SNK  |e AACR2 
041 1 |a cze  |h fra 
043 |a e-cs--- 
044 |a xr  |c CZ 
072 7 |a 323  |x Vnútropolitický vývoj, politický život  |2 konspekt 
072 7 |a 94(437)  |x Dejiny Československa  |2 konspekt 
080 |a 323.28-051  |2 2001 
080 |a 323.28  |2 2001 
080 |a 343.1:32  |2 2001 
080 |a 94(437)  |2 2001 
080 |a (0:82-94)  |2 2001 
100 1 |a London, Artur,  |d 1915-1986  |4 aut  |9 166905 
240 1 2 |a L'aveu  |l Česky 
245 1 0 |a Doznání  |b v soukolí pražského procesu  |c Artur London ; z francouzské verze Artura a Lise Londonových... přeložil Ivo Fleischmann 
250 |a Vydání první 
260 |a Praha  |b Československý spisovatel  |c 1969 
300 |a 412 strán  |c 20 cm 
490 1 |a Dokumenty doby  |v svazek 1 
600 1 7 |a London, Artur,  |d 1915-1986  |2 SNKMA  |9 166905 
648 7 |a 1952  |2 SNKPH  |9 308904 
650 0 7 |a politickí väzni  |2 SNKPH  |9 4581 
650 0 7 |a politická perzekúcia  |2 SNKPH  |9 75134 
650 0 7 |a politické súdne procesy  |2 SNKPH  |9 4521 
650 0 7 |a Political prisoners  |2 SNKPHeng  |9 265801 
650 0 7 |a Political persecution  |2 SNKPHeng  |9 265799 
650 0 7 |a Political trials  |2 SNKPHeng  |9 306370 
651 7 |a Československo  |x dejiny  |2 SNKPH  |9 161432 
651 7 |a Czechoslovakia  |x History  |2 SNKPHeng  |9 125910 
655 7 |a autobiografické spomienky  |2 SNKPH  |9 70489 
655 7 |a Autobiographical reminiscences  |2 SNKPHeng  |9 302514 
700 1 |a Fleischmann, Ivo,  |d 1921-1997  |4 trl  |9 359470 
830 0 |a Dokumenty doby  |9 359471 
852 |a Slovenská národná knižnica 
954 o |a odborná, vedecká literatúra cudzojazyčná (svetová)  |2 lita 
958 |a OND 
999 |c 604136  |d 606066 
952 |a SNK  |b SNK  |y VYP  |7 0  |p 17A1347150  |o snkID 49045  |i snkKIP 4584/69  |3 Rekatalogizácia  |0 0  |1 0  |4 0  |d 2019-08-26  |l 0  |r 2026-02-23 16:04:13  |w 2026-02-23